Sports Quiz

Random Sports or NFL Quiz

Most Interceptions in NFL History Quiz Stats

 Plays Quiz not verified by Sporcle

Score 0/20 Timer 10:00
0 Plays Today
Number of Interceptions In Career Player % Correct
71Rod Woodson
80.3%
60Charles Woodson
80.3%
63Ronnie Lott
64.8%
64Ed Reed
63.4%
68Dick Lane
57.7%
81Paul Krause
56.3%
55Aeneas Williams
45.1%
57Mel Blount
36.6%
62Dave Brown
35.2%
63Darren Sharper
29.6%
Number of Interceptions In Career Player % Correct
58Emmitt Thomas
23.9%
62Dick LeBeau
22.5%
79Emlen Tunnell
19.7%
57Everson Walls
18.3%
65Ken Riley
12.7%
56Lem Barney
12.7%
57Eugene Robinson
9.9%
57Johnny Robinson
9.9%
56Pat Fischer
7%
57Bobby Boyd
4.2%

You're not logged in!

Compare scores with friends on all Sporcle quizzes.
OR
Log In

Show Comments

Extras

Top Quizzes Today


Score Distribution

Your Account Isn't Verified!

In order to create a playlist on Sporcle, you need to verify the email address you used during registration. Go to your Sporcle Settings to finish the process.

Report this User

Report this user for behavior that violates our Community Guidelines.

Details: